Author Initials Match-Up Quiz Stats

Quiz Updated May 8, 2015

Also try: One Novel Wonders
Challenge
Share
Tweet
Score 0/28 Timer 05:00
7 Plays Today
% Correct
J.K.
97.6%
J.R.R.
96.1%
C.S.
90.1%
T.S.
89.5%
J.D.
88.8%
e.e.
85.3%
F.(S.)
84.4%
A.A.
81.7%
H.G.
81.4%
E.B.
71.5%
J.M.
65%
O.
58.7%
H.P.
58.3%
W.B.
57.4%
% Correct
W.E.B.
57.2%
P.G.
56.5%
E.M.
56.4%
T.E.
50.9%
L.(F.)
50.3%
W.H.
45.9%
P.J.
43%
G.K.
40.5%
S.E.
38.2%
E.L.
37.8%
H.L.
36.6%
L.M.
34.9%
E.
26.6%
J.P.
20.7%

You're not logged in!

Compare scores with friends on all Sporcle quizzes.
Sign Up with Email
OR
Log In

You Might Also Like...

Show Comments

Extras

Top Quizzes Today


Score Distribution

Your Account Isn't Verified!

In order to create a playlist on Sporcle, you need to verify the email address you used during registration. Go to your Sporcle Settings to finish the process.